000 00718cam a2200205 a 4500
020 _a0697384977
082 0 0 _a304.221
_bFEL
_cN-01,P-156
100 1 _aFellmann, Jerome Donald,
_937553
245 1 0 _aHuman geography :
_blandscapes of human activities /
_cJerome D. Fellmann, Arthur Getis, Judith Getis.
250 _a5th ed.
260 _aIslamabad. :
_bNational Book Foundationl,
_cc1999.
300 _ax, 566 p. :
_bill. (some col.), maps (some col.) ;
_c28 cm.
526 _a0
_b0
_c0
_d304_221000000000000_FEL
526 _a0
_b0
_c0
_d304_221000000000000_FEL
650 0 _aHuman geography.
_913071
650 0 _aNUST
_96342
700 1 _aGetis, Arthur,
_937554
700 1 _aGetis, Judith,
_937555
942 _2ddc
_cBK
999 _c542404
_d542404